बादलों से ऊँची उड़ान / (Record no. 71734)

MARC details
000 -LEADER
fixed length control field 02881nam a22003497a 4500
005 - DATE AND TIME OF LATEST TRANSACTION
control field 20101012144210.0
008 - FIXED-LENGTH DATA ELEMENTS--GENERAL INFORMATION
fixed length control field 101012t xxu||||| |||| 00| 0 hin d
010 ## - LCCN (DPL NO)
LC control number B-485605-611
020 ## - INTERNATIONAL STANDARD BOOK NUMBER
International Standard Book Number 81901532112
Terms of availability 250.00
035 ## - SYSTEM CONTROL NUMBER
System control number B-485605-611
037 ## - SOURCE OF ACQUISITION
Source of stock number/acquisition DBAD / PUB
037 ## - SOURCE OF ACQUISITION
Source of stock number/acquisition के.के.पब्लिकेशंस
040 ## - CATALOGING SOURCE
Original cataloging agency DPL
Language of cataloging HN
082 ## - DEWEY DECIMAL CLASSIFICATION NUMBER
Classification number 158.1
100 ## - MAIN ENTRY--PERSONAL NAME
Personal name नंदा एच.दास
9 (RLIN) 23391
245 ## - TITLE STATEMENT
Title बादलों से ऊँची उड़ान /
Statement of responsibility, etc नंदा एच.दास
246 ## - VARYING FORM OF TITLE
Title proper/short title Badlo se Unchi Udan
Remainder of title by Nanda H. Das
260 ## - PUBLICATION, DISTRIBUTION, ETC. (IMPRINT)
Place of publication, distribution, etc दिल्ली
Name of publisher, distributor, etc राष्ट्रभाषा संस्थान
Date of publication, distribution, etc 2011
270 ## - ADDRESS
Address सी-8/174, यमुना विहार
300 ## - PHYSICAL DESCRIPTION
Extent 176पृ.
Dimensions 22सेमी (सजिल्द)
650 ## - SUBJECT ADDED ENTRY--TOPICAL TERM
9 (RLIN) 657
700 ## - ADDED ENTRY--PERSONAL NAME
9 (RLIN) 23392
942 ## - ADDED ENTRY ELEMENTS (KOHA)
Source of classification or shelving scheme Dewey Decimal Classification
Item type Hindi Books
Classification part 158.1
Call number suffix नंदाए
Holdings
Withdrawn status Lost status Source of classification or shelving scheme Damaged status Not for loan Collection code Home library Current library Date acquired Source of acquisition Cost, normal purchase price Total Checkouts Full call number Barcode Date last seen Copy number Cost, replacement price Koha item type
  Written-off vide DLB M. No. 383 dt 16.05.19 Dewey Decimal Classification     Non-fiction Central Library Central Library 29/11/2012 के.के.पब्लिकेशंस/2230/27.08.12/1/27.07.12/10.09.12 250.00   158.1 नंदाए B-485605 29/11/2012 1 250.00 Hindi Books
    Dewey Decimal Classification     Non-fiction Janak Puri Janak Puri 29/11/2012 के.के.पब्लिकेशंस/2230/27.08.12/1/27.07.12/10.09.12 250.00 11 158.1 नंदाए B-485607 09/03/2026 1 250.00 Hindi Books
    Dewey Decimal Classification     Non-fiction Karol Bagh Karol Bagh 29/11/2012 के.के.पब्लिकेशंस/2230/27.08.12/1/27.07.12/10.09.12 250.00   158.1 नंदाए B-485610 29/11/2012 1 250.00 Hindi Books
    Dewey Decimal Classification     Non-fiction Patel Nagar Patel Nagar 29/11/2012 के.के.पब्लिकेशंस/2230/27.08.12/1/27.07.12/10.09.12 250.00 2 158.1 नंदाए B-485606 31/12/2021 1 250.00 Hindi Books
    Dewey Decimal Classification     Non-fiction Sarojini Nagar Sarojini Nagar 29/11/2012 के.के.पब्लिकेशंस/2230/27.08.12/1/27.07.12/10.09.12 250.00 1 158.1 नंदाए B-485608 10/02/2020 1 250.00 Hindi Books
    Dewey Decimal Classification     Non-fiction Shahdara Branch Shahdara Branch 29/11/2012 के.के.पब्लिकेशंस/2230/27.08.12/1/27.07.12/10.09.12 250.00   158.1 नंदाए B-485611 29/11/2012 1 250.00 Hindi Books
    Dewey Decimal Classification     Non-fiction Vinoba Puri Vinoba Puri 29/11/2012 के.के.पब्लिकेशंस/2230/27.08.12/1/27.07.12/10.09.12 250.00 4 158.1 नंदाए B-485609 05/09/2019 1 250.00 Hindi Books

© Delhi Public Library
Hit Counter
free hit counter